Theory of Science: a short introduction

Gardado en:
Detalles Bibliográficos
Autor Principal: Knowles, Jonathan (Author)
Formato: Libro
Idioma:inglés
Publicado: Trondheim Tapir Akademisk Forlag 2006
Subjects:
Tags: Engadir etiqueta
Sen Etiquetas, Sexa o primeiro en etiquetar este rexistro!

MARC

LEADER 00000nam a2200000 a 4500
001 UCH9658
003 CL-VaPUC
008 100114e20060000NO |||||||||||||||||eng|d
020 |a 9788251921121 
082 0 4 |a 501.22  |b KNO  |2 21 
100 0 |a Knowles, Jonathan  |e author  |9 546868 
245 1 0 |a Theory of Science: a short introduction 
300 |a 147 p 
942 |c BK 
945 |d 20100114 00:00:00  |a dcastane 
260 |a Trondheim  |b Tapir Akademisk Forlag  |c 2006 
650 0 |a Filosofía de las ciencias  |9 256466 
650 0 |a Epistemología de la ciencia   |9 546869 
650 0 |a Positivismo  |9 269460 
583 |a last modification  |c 20120930 10:36:34  |k Rodrigo Vera 
999 |c 339576  |d 339574 
952 |0 0  |1 0  |4 0  |6 501_220000000000000_KNO_2006  |7 0  |8 CCM  |9 433287  |a BIBCUR  |b BIBCUR  |d 2019-11-22  |i 4635353  |o 501.22 KNO 2006  |p 4635353  |r 2025-04-22  |w 2019-11-22  |y BK  |k CIM